| 000 | 00426nam a2200169Ia 4500 | ||
|---|---|---|---|
| 008 | 230711s9999||||xx |||||||||||||| ||und|| | ||
| 020 | _a81-7764-294-4 | ||
| 041 | _aENG | ||
| 082 |
_a671.35 _bJA-A |
||
| 100 | _aJain,Vijay K | ||
| 245 | 0 | _aAdvanced Machining Processes | |
| 250 | _a1st Ed. | ||
| 260 |
_c2017 _aDelhi _bAllied Publishers Private Limited |
||
| 300 | _a371p. | ||
| 650 | _aMechanical Engineering | ||
| 942 | _cBK | ||
| 999 |
_c6676 _d6676 |
||